Quiz sur le Doubs - Statistiques

Statistiques générales
  • Ce quiz a été pris 794 fois
  • Le résultat moyen est 16 sur 20
Statistiques - réponses
Question Réponse % Correct
Numéro du département 25
99%
Préfecture et plus grande ville Besançon
97%
Région Bourgogne-Franche-Comté
93%
Pays limitrophe Suisse
93%
Départements limitrophes Jura
92%
Territoire de Belfort
90%
Haute-Saône
87%
Commune connue pour son usine Peugeot et son club de football. Sochaux
87%
Commune renommée pour sa saucisse et son industrie horlogère. Morteau
86%
La commune de Mouthe tient le record de la ... le plus basse enregistrée en France. Température (-41°C)
86%
Si un département voisin possède le village touristique de Baume-les-Messieurs, le Doubs accueille son pendant féminin appelé ... . Baume-les-Dames
85%
Ecrivain considéré comme l'un des plus importants de la langue française né dans la préfecture en 1802. Victor Hugo
83%
Sous-préfecture Montbéliard
82%
Pontarlier
79%
Monument de la préfecture du XVIIème siècle également au patrimoine mondial de l'Unesco et accueillant entre autre un parc zoologique. Citadelle
70%
Edifice d'Arc-et-Senans inscrit au patrimoine mondial de l'Unesco. Saline
66%
Point culminant du département ayant la même prononciation qu'une station thermale du Puy-de-Dôme et ayant donné son nom à un fromage AOP. Mont d'Or
65%
Gentilé Doubiens / Doubistes
60%
Nombre d'habitants (arrondi à la dizaine de milliers d'habitants) 540 000 (539 067)
28%
Couleur qui a donné son nom au département. Noir
28%
Aucun quiz correspondant
Distribution des résultats
% des personnes avec chaque résultat
Percentile par nombre de réponses
Votre historique - résultats
Vous n’avez pas pris ce quiz